[Event "C.to Provinciale CO"]
[Site "Como ITA"]
[Date "2009.01.24"]
[Round "1"]
[White "Liscio, Giovanni"]
[Black "Guglielmetti, Oscar"]
[Result "1-0"]
[WhiteElo "2014"]
[BlackElo "1594"]
[PlyCount "87"]
[EventDate "2009.01.24"]

1. d4 e6 2. c4 Nf6 3. Nc3 Bb4 4. Qc2 Nc6 5. Nf3 d5 6. e3 Bxc3+ 7. bxc3 Bd7 8.
Ba3 Ne7 9. Bd3 h6 10. Ne5 O-O 11. O-O Re8 12. f3 Nc6 13. Rad1 dxc4 14. Nxc4 Nd5
15. Qd2 Qg5 16. f4 Qh4 17. e4 Nb6 18. Ne3 Qh5 19. Bc1 f5 20. e5 Ne7 21. c4 Ng6
22. d5 Rad8 23. Bc2 Ne7 24. Ba3 Ba4 25. Bxe7 Rxe7 26. Bxa4 Nxa4 27. Qb4 Qe8 28.
d6 cxd6 29. exd6 a5 30. Qa3 Rf7 31. d7 Qe7 32. Qxa4 Qc5 33. Rfe1 Qc7 34. Qb5
Rfxd7 35. Rxd7 Rxd7 36. Qe5 Qb6 37. c5 Qa6 38. Nxf5 Rf7 39. Nd6 Rf6 40. Qe4 Qa7
41. Nxb7 e5 42. fxe5 Rf7 43. e6 Re7 44. Qd5 1-0

[Event "C.to Provinciale CO"]
[Site "Como ITA"]
[Date "2009.01.24"]
[Round "1"]
[White "Mason, Giovanni"]
[Black "Coppola, Guido"]
[Result "0-1"]
[WhiteElo "1565"]
[BlackElo "2012"]
[PlyCount "62"]
[EventDate "2009.01.24"]

1. e4 c5 2. Nf3 d6 3. d4 cxd4 4. Nxd4 Nf6 5. Nc3 a6 6. Bd3 e5 7. Nde2 Be7 8. h3
Be6 9. O-O Nbd7 10. f4 Qc7 11. f5 Bc4 12. Be3 Bxd3 13. cxd3 b5 14. Rc1 Qb7 15.
Bg5 h6 16. Be3 Rc8 17. Qd2 Nb6 18. Bxb6 Qxb6+ 19. Kh2 O-O 20. g4 b4 21. Na4 Qb5
22. b3 d5 23. g5 Nxe4 24. dxe4 Bxg5 25. Qd1 Bxc1 26. Nxc1 dxe4 27. Nb2 Rfd8 28.
Qe1 Rc2+ 29. Rf2 Qc5 30. Rg2 Rxg2+ 31. Kxg2 Qc2+ 0-1

[Event "C.to Provinciale CO"]
[Site "Como ITA"]
[Date "2009.01.24"]
[Round "1"]
[White "Minelli, Marco"]
[Black "Primerano, Carlo"]
[Result "0-1"]
[WhiteElo "1380"]
[BlackElo "1718"]
[PlyCount "108"]
[EventDate "2009.01.24"]

1. c4 e6 2. b3 Nf6 3. Bb2 c6 4. g3 d5 5. d3 Bb4+ 6. Nd2 Nbd7 7. Bg2 O-O 8. Ngf3
Re8 9. O-O e5 10. a3 Bd6 11. Qc2 Nf8 12. e3 Bd7 13. b4 Qc8 14. c5 Bc7 15. Rfe1
Bh3 16. e4 Bxg2 17. Kxg2 Ng6 18. exd5 cxd5 19. Re2 Qg4 20. Kh1 e4 21. Ng1 exd3
22. Rxe8+ Rxe8 23. Qxd3 Be5 24. Bxe5 Rxe5 25. h3 Qe6 26. Ndf3 Ne4 27. Kg2 Rf5
28. Re1 Ne5 29. Qd1 h6 30. a4 Qf6 31. a5 Ng6 32. Re3 Qb2 33. Qe1 Ne5 34. h4 Ng4
35. Re2 Qf6 36. Rxe4 dxe4 37. Qxe4 Ne5 38. Qxb7 Qc6 39. Qxc6 Nxc6 40. g4 Rd5
41. Ne2 Nxb4 42. Ned4 Rxc5 43. Nb3 Rc3 44. Nfd4 Nc2 45. Nxc2 Rxc2 46. Nd4 Rc4
47. Nb5 a6 48. Nd6 Rc3 49. f3 Kf8 50. Ne4 Ra3 51. Nc5 Rxa5 52. Nd7+ Ke7 53. Nb8
Kd6 54. Kg3 Kc7 0-1

[Event "C.to Provinciale CO"]
[Site "Como ITA"]
[Date "2009.01.24"]
[Round "1"]
[White "Napoli, Ferdinando"]
[Black "Righetti, Samuele"]
[Result "1-0"]
[WhiteElo "1731"]
[BlackElo "1419"]
[PlyCount "55"]
[EventDate "2009.01.24"]

1. e4 e5 2. Nf3 Nc6 3. Bb5 a6 4. Ba4 b5 5. Bb3 Bb7 6. c3 Nf6 7. O-O Bc5 8. d4
exd4 9. cxd4 Bb6 10. Nc3 O-O 11. Bg5 h6 12. Bh4 Qc8 13. Bxf6 gxf6 14. Nd5 Qd8
15. Qd2 Kh7 16. Nxb6 cxb6 17. Rac1 Rg8 18. Bxf7 Qe7 19. Bxg8+ Rxg8 20. Qf4 Nb4
21. Rc7 Qxe4 22. Rxd7+ Rg7 23. Rxg7+ Kxg7 24. Qc7+ Kg6 25. Qg3+ Kh7 26. Re1 Qf5
27. Re7+ Kh8 28. Qg7# 1-0

[Event "C.to Provinciale CO"]
[Site "Como ITA"]
[Date "2009.01.24"]
[Round "1"]
[White "Petetta, Roberto"]
[Black "Buonocore, Elio"]
[Result "0-1"]
[WhiteElo "1656"]
[BlackElo "2188"]
[PlyCount "48"]
[EventDate "2009.01.24"]

1. e4 c5 2. f4 Nc6 3. Nf3 g6 4. Bc4 Bg7 5. O-O e6 6. d3 Nge7 7. c3 O-O 8. Be3
d5 9. Bb3 c4 10. Bc2 cxd3 11. Bxd3 dxe4 12. Bxe4 Nd5 13. Qe2 Qc7 14. g3 b6 15.
Nbd2 Nf6 16. Bd3 Rd8 17. Nb3 Bb7 18. Rae1 Rd7 19. Nbd4 Ng4 20. Bb5 Nxe3 21.
Qxe3 Nxd4 22. Nxd4 Rd5 23. Bd3 Rad8 24. Be4 Rxd4 0-1

[Event "C.to Provinciale CO"]
[Site "Como ITA"]
[Date "2009.01.24"]
[Round "1"]
[White "Pozzi, Marco"]
[Black "Corti, Massimo"]
[Result "1-0"]
[WhiteElo "1613"]
[BlackElo "2057"]
[PlyCount "57"]
[EventDate "2009.01.24"]

1. c4 e6 2. Nc3 Nf6 3. Nf3 b6 4. g3 Bb7 5. Bg2 Be7 6. d3 d5 7. cxd5 exd5 8. O-O
O-O 9. d4 Nbd7 10. Bg5 h6 11. Bxf6 Bxf6 12. Rc1 c6 13. e3 Re8 14. b4 b5 15. a4
bxa4 16. Nxa4 Ba6 17. Re1 Bb5 18. Nc3 Bc4 19. Nd2 Nb6 20. Nxc4 Nxc4 21. Qa4 Qd6
22. Ne4 dxe4 23. Rxc4 Rab8 24. Rec1 Re7 25. Rxc6 Qxb4 26. Rc8+ Kh7 27. Qxb4
Rxb4 28. R8c7 Rxc7 29. Bxe4+ 1-0

[Event "C.to Provinciale CO"]
[Site "Como ITA"]
[Date "2009.01.24"]
[Round "1"]
[White "Raineri, Pieroberto"]
[Black "Gonella, Graziano"]
[Result "1-0"]
[WhiteElo "1669"]
[BlackElo "1140"]
[PlyCount "43"]
[EventDate "2009.01.24"]

1. d4 d6 2. c4 Nf6 3. Nc3 d5 4. Nf3 Nc6 5. Ne5 e6 6. Bg5 Bd6 7. cxd5 exd5 8.
Qa4 h6 9. Bxf6 gxf6 10. Nxc6 bxc6 11. Qxc6+ Bd7 12. Qxd5 Be6 13. Qf3 Bb4 14. e3
Rb8 15. Bd3 Bxc3+ 16. bxc3 Rb2 17. O-O Bxa2 18. Qh5 c6 19. Rxa2 Rxa2 20. Bc4
Rh7 21. Bxa2 Qa5 22. Qxa5 1-0

[Event "C.to Provinciale CO"]
[Site "Como ITA"]
[Date "2009.01.24"]
[Round "1"]
[White "Rizzi, Pierantonio"]
[Black "Laricini, Alberto"]
[Result "0-1"]
[WhiteElo "1416"]
[BlackElo "1724"]
[PlyCount "116"]
[EventDate "2009.01.24"]

1. e4 Nf6 2. Nc3 e5 3. Nf3 d6 4. Bc4 h6 5. d4 exd4 6. Nxd4 c6 7. Nf3 Be7 8. O-O
O-O 9. Bf4 Bg4 10. Be2 Re8 11. e5 dxe5 12. Nxe5 Bxe2 13. Nxe2 Nbd7 14. Nd3 Nd5
15. c4 Nxf4 16. Ndxf4 Nf6 17. Re1 Bc5 18. Ng3 Qb6 19. Nh3 Rxe1+ 20. Qxe1 Re8
21. Qd2 Rd8 22. Qc2 Ng4 23. Rf1 Ne5 24. a3 a5 25. Ne4 Rd4 26. Nxc5 Qxc5 27. Rd1
Rxd1+ 28. Qxd1 Qxc4 29. f4 Qc5+ 30. Nf2 Ng6 31. g3 Nf8 32. Kg2 Qb5 33. Qd2 Ne6
34. h4 Qd5+ 35. Qxd5 cxd5 36. Kf3 f6 37. Ke3 f5 38. Kd2 Nc5 39. Kc3 Ne4+ 40.
Nxe4 dxe4 41. b4 axb4+ 42. axb4 Kf7 43. b5 b6 44. Kd4 h5 45. Ke3 Ke6 46. Kd4
Kd6 47. Kc4 g6 48. Kd4 Ke6 49. Kc4 e3 50. Kd3 e2 51. Kxe2 Kd5 52. Kd3 Kc5 53.
Kc3 Kxb5 54. Kb3 Kc5 55. Kc3 b5 56. Kb3 b4 57. Ka4 Kc4 58. Ka5 b3 0-1

[Event "C.to Provinciale CO"]
[Site "Como ITA"]
[Date "2009.01.24"]
[Round "1"]
[White "Rossi, Giampiero"]
[Black "Falchi, Claudio"]
[Result "1-0"]
[WhiteElo "1948"]
[BlackElo "1494"]
[PlyCount "91"]
[EventDate "2009.01.24"]

1. d4 d5 2. c4 c6 3. cxd5 cxd5 4. Nc3 Nf6 5. Nf3 Nc6 6. Bf4 Bf5 7. e3 e6 8. Qb3
Qb6 9. Bb5 Bb4 10. Qxb4 a6 11. Bxc6+ Qxc6 12. Ne5 a5 13. Nxc6 axb4 14. Nxb4 O-O
15. O-O Nh5 16. Bg3 Nxg3 17. hxg3 g5 18. a3 h6 19. Rfc1 Rac8 20. f3 Bh7 21. Kf2
f5 22. f4 Kg7 23. Nd3 Rf7 24. Ne2 Rfc7 25. Rxc7+ Rxc7 26. Rc1 Rxc1 27. Nexc1 g4
28. Nc5 b6 29. Nxe6+ Kf6 30. Nc7 Bg8 31. Nd3 Ke7 32. Na8 b5 33. Nc7 Kd6 34.
Nxb5+ Kc6 35. Nc3 Be6 36. Nb4+ Kb6 37. Ncxd5+ Ka5 38. Nc3 Bd7 39. e4 Kb6 40. e5
Bc8 41. Ke3 Bd7 42. Nbd5+ Kc6 43. Nf6 Bc8 44. Ng8 Be6 45. d5+ Bxd5 46. Ne7+ 1-0

[Event "C.to Provinciale CO"]
[Site "Como ITA"]
[Date "2009.01.25"]
[Round "2"]
[White "Bernasconi, Roberto"]
[Black "Napoli, Ferdinando"]
[Result "1/2-1/2"]
[WhiteElo "1929"]
[BlackElo "1731"]
[PlyCount "45"]
[EventDate "2009.01.24"]

1. e4 c5 2. Nf3 Nc6 3. Bb5 g6 4. O-O Bg7 5. c3 d6 6. Re1 Bd7 7. a4 Nf6 8. d4
cxd4 9. cxd4 O-O 10. Nc3 Rc8 11. h3 a6 12. Bxc6 Bxc6 13. a5 b5 14. axb6 Qxb6
15. Qd3 Bb5 16. Nxb5 Qxb5 17. Qxb5 axb5 18. Bd2 Ra8 19. e5 Nd5 20. exd6 exd6
21. Rxa8 Rxa8 22. Rc1 Bf6 23. Rc6 1/2-1/2

[Event "C.to Provinciale CO"]
[Site "Como ITA"]
[Date "2009.01.25"]
[Round "2"]
[White "Betori, Alessandro"]
[Black "Corti, Massimo"]
[Result "1/2-1/2"]
[WhiteElo "1662"]
[BlackElo "2057"]
[PlyCount "59"]
[EventDate "2009.01.24"]

1. Nf3 e6 2. d3 Nf6 3. e4 d5 4. Nbd2 Nc6 5. e5 Nd7 6. d4 f6 7. exf6 Nxf6 8. c3
Bd6 9. Bd3 O-O 10. O-O e5 11. dxe5 Nxe5 12. Nxe5 Bxe5 13. Nf3 Bd6 14. Bg5 c6
15. h3 Qe8 16. Qd2 Qh5 17. Bxf6 gxf6 18. Nh2 Kh8 19. Qe2 Qh4 20. Qf3 Bd7 21.
Bf5 Bxf5 22. Qxf5 Rg8 23. Rae1 Rg6 24. Nf3 Qh6 25. Kh1 Rag8 26. Rg1 Bc5 27. Re2
Bb6 28. Kh2 Bc7+ 29. Kh1 Bb6 30. Kh2 1/2-1/2

[Event "C.to Provinciale CO"]
[Site "Como ITA"]
[Date "2009.01.25"]
[Round "2"]
[White "Buonocore, Elio"]
[Black "Colombo, Samuel"]
[Result "1-0"]
[WhiteElo "2188"]
[BlackElo "1781"]
[PlyCount "105"]
[EventDate "2009.01.24"]

1. e4 e6 2. d4 d5 3. Nc3 Bb4 4. e5 c5 5. a3 Bxc3+ 6. bxc3 Ne7 7. Qg4 Qc7 8.
Qxg7 Rg8 9. Qxh7 cxd4 10. Ne2 dxc3 11. f4 Bd7 12. Qd3 Nbc6 13. Rb1 Nf5 14. Qxc3
O-O-O 15. Rg1 Na5 16. Qxc7+ Kxc7 17. g4 Ne7 18. Rg3 Rc8 19. Nd4 Nc4 20. Kf2 b6
21. h4 Kb7 22. Rb4 Nc6 23. Nxc6 Rxc6 24. Rxc4 Rxc4 25. Bxc4 dxc4 26. Ke3 Ba4
27. Kd2 Bc6 28. Ke3 Ba4 29. Rg2 Bc6 30. Rg3 Ba4 31. c3 Bc2 32. Bd2 Rd8 33. Ke2
Bd3+ 34. Ke1 Rg8 35. Kf2 Kc6 36. h5 a6 37. Rg1 Kb5 38. Be3 Kc6 39. Bd4 b5 40.
Ke3 Bf5 41. Kf3 Bd3 42. f5 exf5 43. g5 f4 44. e6 fxe6 45. Kxf4 Kd5 46. g6 Rf8+
47. Ke3 Rg8 48. Rg5+ Kd6 49. Bc5+ Kd7 50. Kd4 Bf5 51. Ke5 Kc6 52. Rxf5 exf5 53.
Bd4 1-0

[Event "C.to Provinciale CO"]
[Site "Como ITA"]
[Date "2009.01.25"]
[Round "2"]
[White "Campanini, Ambrogio"]
[Black "Petetta, Roberto"]
[Result "0-1"]
[WhiteElo "1556"]
[BlackElo "1656"]
[PlyCount "107"]
[EventDate "2009.01.24"]

1. e4 c5 2. Nf3 d6 3. d4 cxd4 4. Nxd4 Nc6 5. Bc4 Nf6 6. Nc3 g6 7. Bg5 Bg7 8.
Qd2 Nxe4 9. Nxe4 Nxd4 10. c3 Nc6 11. Qf4 O-O 12. Rd1 Qb6 13. Qd2 Ne5 14. Be2
Qc7 15. b3 Bf5 16. Ng3 Be6 17. O-O Rac8 18. c4 Rfd8 19. Qe3 b6 20. f4 Ng4 21.
Bxg4 Bxg4 22. Rde1 f6 23. Bh4 Re8 24. Kh1 e5 25. Ne4 Qe7 26. Qd3 Rcd8 27. h3
Bf5 28. Qf3 Bxe4 29. Rxe4 Rf8 30. Rd1 Qc7 31. Bg3 f5 32. Re2 e4 33. Qe3 Qc5 34.
Qd2 Bf6 35. Bf2 Qc7 36. Qd5+ Kg7 37. Bd4 Qf7 38. Bxf6+ Qxf6 39. Qb7+ Rf7 40.
Qd5 Rc7 41. Red2 Qh4 42. Qd4+ Kh6 43. Qe3 Qe7 44. Qg3 Rcd7 45. Rd5 a6 46. Qe3
b5 47. Qb6 bxc4 48. bxc4 Rc7 49. Qxa6 Rc5 50. Rxc5 dxc5 51. Rxd8 Qxd8 52. Qb5
Qd4 53. a4 e3 54. Kg1 0-1

[Event "C.to Provinciale CO"]
[Site "Como ITA"]
[Date "2009.01.25"]
[Round "2"]
[White "Coppola, Guido"]
[Black "Gonella, Daniele"]
[Result "0-1"]
[WhiteElo "2012"]
[BlackElo "1740"]
[PlyCount "58"]
[EventDate "2009.01.24"]

1. e4 e5 2. Nf3 Nc6 3. Bc4 Bc5 4. O-O Nf6 5. d4 Bxd4 6. Nxd4 Nxd4 7. f4 Nc6 8.
f5 Qe7 9. Nd2 d5 10. exd5 Nxd5 11. Ne4 Nf6 12. Bg5 h6 13. Bh4 Nd4 14. Bd3 Bd7
15. c3 Nb5 16. Qe2 Nd6 17. Ng3 O-O-O 18. b4 Rde8 19. c4 e4 20. Rae1 Qe5 21.
Bxf6 Qxf6 22. Bxe4 Qd4+ 23. Qf2 Qxf2+ 24. Rxf2 Nxc4 25. Rd1 Nd6 26. Rfd2 Nxe4
27. Nxe4 Bxf5 28. Nc5 b6 29. Na6 Rd8 0-1

[Event "C.to Provinciale CO"]
[Site "Como ITA"]
[Date "2009.01.25"]
[Round "2"]
[White "Corti, Filippo"]
[Black "Bellotto, Stefano"]
[Result "1/2-1/2"]
[WhiteElo "1735"]
[BlackElo "1992"]
[PlyCount "27"]
[EventDate "2009.01.24"]

1. Nf3 f5 2. e4 fxe4 3. Ng5 Nf6 4. d3 e5 5. dxe4 d5 6. exd5 Qxd5 7. Qxd5 Nxd5
8. Bc4 c6 9. O-O Bf5 10. Bb3 Nd7 11. Nd2 h6 12. Nge4 O-O-O 13. Re1 Kb8 14. Nc4
1/2-1/2

[Event "C.to Provinciale CO"]
[Site "Como ITA"]
[Date "2009.01.25"]
[Round "2"]
[White "Falchi, Claudio"]
[Black "Mason, Giovanni"]
[Result "1-0"]
[WhiteElo "1494"]
[BlackElo "1565"]
[PlyCount "59"]
[EventDate "2009.01.24"]

1. e4 c5 2. Nf3 d6 3. d4 cxd4 4. Nxd4 Nf6 5. Nc3 e5 6. Nf3 a6 7. Bg5 Be6 8. Be2
Be7 9. Qd2 Nbd7 10. O-O Qc7 11. Rfd1 Rc8 12. h3 b5 13. a3 O-O 14. Rac1 Rfd8 15.
Nd5 Bxd5 16. exd5 Nc5 17. c4 Nce4 18. Qe3 Qb8 19. Bxf6 Nxf6 20. cxb5 axb5 21.
Qb3 Rxc1 22. Rxc1 Rc8 23. Rxc8+ Qxc8 24. Qxb5 Qc1+ 25. Bf1 Ne4 26. a4 g6 27. a5
Qc8 28. a6 Bd8 29. a7 Bc7 30. Qc6 1-0

[Event "C.to Provinciale CO"]
[Site "Como ITA"]
[Date "2009.01.25"]
[Round "2"]
[White "Falconieri, Goffredo"]
[Black "Liscio, Giovanni"]
[Result "0-1"]
[WhiteElo "1759"]
[BlackElo "2014"]
[PlyCount "84"]
[EventDate "2009.01.24"]

1. Nf3 d5 2. d4 Nf6 3. c4 e6 4. Nc3 c6 5. e3 Nbd7 6. Bd3 Be7 7. O-O O-O 8. b3
b6 9. Bb2 Bb7 10. cxd5 exd5 11. Rc1 Bd6 12. Ne2 Re8 13. Ng3 g6 14. Qc2 Rc8 15.
Qb1 Bf8 16. Rfe1 Bg7 17. h3 a6 18. e4 dxe4 19. Nxe4 Nxe4 20. Bxe4 Nf6 21. Bd3
Nd5 22. Rxe8+ Qxe8 23. Re1 Qd8 24. Qd1 Nb4 25. Bb1 c5 26. a3 Nc6 27. Be4 f5 28.
Bxc6 Bxc6 29. Ne5 Qd5 30. Nxc6 Rxc6 31. Re8+ Kf7 32. Qe2 Re6 33. Rxe6 Qxe6 34.
Qd2 Qxb3 35. Bc1 cxd4 36. Kf1 Qc3 37. Ke2 Qxd2+ 38. Kxd2 Bh6+ 39. Kd1 Bxc1 40.
Kxc1 Ke6 41. Kd2 Kd5 42. Kd3 b5 0-1

[Event "C.to Provinciale CO"]
[Site "Como ITA"]
[Date "2009.01.25"]
[Round "2"]
[White "Gonella, Graziano"]
[Black "Minelli, Marco"]
[Result "0-1"]
[WhiteElo "1140"]
[BlackElo "1380"]
[PlyCount "116"]
[EventDate "2009.01.24"]

1. e4 e6 2. d4 c5 3. Nf3 Nc6 4. Bb5 a6 5. Bxc6 bxc6 6. O-O cxd4 7. Qxd4 c5 8.
Qe3 Bb7 9. Re1 Nf6 10. Nc3 d6 11. Bd2 Qc7 12. e5 dxe5 13. Nxe5 Bd6 14. Qf4 O-O
15. Qg3 Nd7 16. Bh6 g6 17. Bxf8 Bxe5 18. Rxe5 Nxe5 19. Bh6 Qc6 20. Rf1 Nd7 21.
f3 f5 22. Qf2 Re8 23. Bd2 e5 24. Re1 Nf6 25. h3 Kg7 26. b3 f4 27. Na4 Kf7 28.
Nxc5 Ba8 29. Bc3 Qd5 30. Nxa6 Rc8 31. Bxe5 Nd7 32. Bxf4 Qa5 33. Qe2 Re8 34.
Qc4+ Bd5 35. Qa4 Qxe1+ 36. Kh2 Re7 37. Bg3 Qe6 38. Nc7 Qf5 39. Qf4 Qxf4 40.
Bxf4 Bb7 41. Nb5 Kg8 42. a3 Nb6 43. a4 Nd5 44. Bg5 Rd7 45. c4 Nb4 46. h4 Rd3
47. Nc7 Rxb3 48. c5 Ra3 49. Be7 Rxa4 50. Bd6 Nd3 51. Ne8 Kf7 52. Nc7 Rxh4+ 53.
Kg3 Rc4 54. f4 Nxc5 55. Kf2 Ne4+ 56. Kf3 Nxd6+ 57. Ke3 Rxc7 58. Kd4 Nf5+ 0-1

[Event "C.to Provinciale CO"]
[Site "Como ITA"]
[Date "2009.01.25"]
[Round "2"]
[White "Grassetto, Gilberto"]
[Black "Ghelfi, Giancarlo"]
[Result "1-0"]
[WhiteElo "1892"]
[BlackElo "1717"]
[PlyCount "61"]
[EventDate "2009.01.24"]

1. d4 Nf6 2. c4 g6 3. Nc3 Bg7 4. e4 d6 5. f3 O-O 6. Be3 c5 7. d5 Nbd7 8. Nh3 h6
9. Qd2 e5 10. Bxh6 Nxe4 11. Nxe4 Qh4+ 12. Nhf2 Qxh6 13. Qxh6 Bxh6 14. Nxd6 a6
15. Be2 Be3 16. O-O Bd4 17. Rab1 Nf6 18. Kh1 Kg7 19. Nxc8 Raxc8 20. b4 b6 21.
bxc5 bxc5 22. Rb6 Rh8 23. Ne4 Nh5 24. g3 f5 25. g4 Nf4 26. Ng3 Rh3 27. gxf5
Rch8 28. f6+ Kf7 29. Rb7+ Kxf6 30. Ne4+ Kf5 31. Rf7# 1-0

[Event "C.to Provinciale CO"]
[Site "Como ITA"]
[Date "2009.01.25"]
[Round "2"]
[White "Guglielmetti, Oscar"]
[Black "Boffi, Luigi"]
[Result "1-0"]
[WhiteElo "1594"]
[BlackElo "1624"]
[PlyCount "77"]
[EventDate "2009.01.24"]

1. f4 d5 2. Nf3 Nf6 3. e3 e6 4. Be2 Be7 5. b3 O-O 6. Bb2 c5 7. O-O b6 8. d3 Bb7
9. Qe1 Nbd7 10. Nbd2 Rc8 11. Ne5 a6 12. Qg3 d4 13. Nxd7 Qxd7 14. e4 b5 15. c4
Ne8 16. f5 exf5 17. Rxf5 Qd6 18. Qh3 Rc6 19. Bg4 Bc8 20. Rd5 Qc7 21. Bf5 Rh6
22. Qg3 Bxf5 23. Qxc7 Nxc7 24. Rxf5 Ne8 25. Raf1 Rf6 26. g4 Rxf5 27. gxf5 Bg5
28. Nf3 Be3+ 29. Kg2 Nf6 30. Bc1 Bxc1 31. Rxc1 Ng4 32. cxb5 axb5 33. Rxc5 g6
34. Rxb5 gxf5 35. Kg3 Re8 36. Nxd4 Nh6 37. Nxf5 Nxf5+ 38. Rxf5 Rd8 39. Rf3 1-0

[Event "C.to Provinciale CO"]
[Site "Como ITA"]
[Date "2009.01.25"]
[Round "2"]
[White "Lancianese, Giuseppe"]
[Black "Crippa, Gabriele"]
[Result "0-1"]
[WhiteElo "1804"]
[BlackElo "2091"]
[PlyCount "54"]
[EventDate "2009.01.24"]

1. d4 d6 2. e4 Nf6 3. Nc3 e5 4. dxe5 dxe5 5. Qxd8+ Kxd8 6. Bc4 Be6 7. Bxe6 fxe6
8. Nge2 Bd6 9. Be3 Ke7 10. f3 a6 11. O-O-O Nbd7 12. Rd2 b5 13. Rhd1 Rhb8 14. g4
Nb6 15. g5 Nh5 16. Bxb6 Rxb6 17. Nb1 a5 18. c3 Rc6 19. b3 a4 20. Kb2 axb3 21.
axb3 Rca6 22. b4 Ra2+ 23. Kb3 Ra1 24. Kb2 Kf8 25. Nc1 Nf4 26. Nb3 R1a2+ 27. Kc1
Ne2+ 0-1

[Event "C.to Provinciale CO"]
[Site "Como ITA"]
[Date "2009.01.25"]
[Round "2"]
[White "Laricini, Alberto"]
[Black "Rossi, Giampiero"]
[Result "0-1"]
[WhiteElo "1724"]
[BlackElo "1948"]
[PlyCount "74"]
[EventDate "2009.01.24"]

1. d4 d5 2. Nf3 c6 3. Bf4 Bf5 4. e3 e6 5. c4 Bxb1 6. Qxb1 Nf6 7. c5 Nbd7 8. Bd3
Be7 9. O-O h6 10. h3 O-O 11. Qc2 Ne8 12. a4 Bf6 13. b4 Qe7 14. b5 e5 15. dxe5
Nxe5 16. Bxe5 Bxe5 17. Nxe5 Qxe5 18. Rfe1 Nf6 19. Rad1 Rfe8 20. Qb1 Qe7 21. Qc2
Ne4 22. Bxe4 Qxe4 23. Qxe4 Rxe4 24. Rd4 Rae8 25. Red1 f5 26. Rxe4 Rxe4 27. Rd4
Kf7 28. Kf1 Ke6 29. g3 g5 30. Ke2 Ke5 31. Kd3 f4 32. g4 fxe3 33. fxe3 Rxd4+ 34.
exd4+ Kf4 35. b6 a6 36. a5 Kf3 37. Kd2 Ke4 0-1

[Event "C.to Provinciale CO"]
[Site "Como ITA"]
[Date "2009.01.25"]
[Round "2"]
[White "Lipari, Alberto"]
[Black "Raineri, Pieroberto"]
[Result "0-1"]
[WhiteElo "1524"]
[BlackElo "1669"]
[PlyCount "134"]
[EventDate "2009.01.24"]

1. d4 Nf6 2. c4 g6 3. Nc3 Bg7 4. Bf4 O-O 5. Nf3 d6 6. h3 Nc6 7. e3 Nd7 8. d5
Nce5 9. Be2 a5 10. Ne4 b6 11. Nd4 Bb7 12. Rb1 c5 13. dxc6 Nxc6 14. Nxc6 Bxc6
15. Bf3 Rc8 16. Nd2 Nc5 17. Qe2 e5 18. Bxc6 Rxc6 19. Bg3 d5 20. O-O d4 21. exd4
exd4 22. Rfe1 Re6 23. Qf1 Rfe8 24. Rxe6 Rxe6 25. a3 a4 26. b4 axb3 27. Nxb3 Ne4
28. Qd3 Nxg3 29. Qxg3 Qe7 30. Rd1 Re1+ 31. Rxe1 Qxe1+ 32. Kh2 Be5 33. f4 Qxg3+
34. Kxg3 Bd6 35. Nxd4 Bxa3 36. Nb3 f5 37. Kf3 Kf7 38. Nd4 Bb2 39. Ke3 h5 40.
Nc6 Bf6 41. Na7 Ke6 42. Nc8 Bd8 43. Kd4 h4 44. Na7 Bc7 45. Kc3 Kd7 46. Kb4 Bxf4
47. Kb5 Bc7 48. Nc6 g5 49. Nb4 g4 50. hxg4 fxg4 51. Nd5 h3 52. Nf6+ Kc8 53.
gxh3 gxh3 54. Ng4 Kb7 55. Nf2 h2 56. c5 bxc5 57. Nh1 Bd6 58. Kc4 Kc6 59. Nf2
Bg3 60. Nh1 Be1 61. Kd3 Kb5 62. Kc2 c4 63. Kd1 Bh4 64. Kc2 Kb4 65. Kb2 c3+ 66.
Kc2 Kc4 67. Kd1 Kb3 0-1

[Event "C.to Provinciale CO"]
[Site "Como ITA"]
[Date "2009.01.25"]
[Round "2"]
[White "Pede, Lucio"]
[Black "Gagliardi, Christian"]
[Result "0-1"]
[WhiteElo "1965"]
[BlackElo "2209"]
[PlyCount "60"]
[EventDate "2009.01.24"]

1. e4 e5 2. Nf3 Nc6 3. Bc4 Nf6 4. d3 Bc5 5. Nc3 d6 6. Be3 Bg4 7. Bxc5 dxc5 8.
h3 Bxf3 9. Qxf3 Nd4 10. Qd1 c6 11. a4 g6 12. Ne2 Nh5 13. c3 Nxe2 14. Qxe2 O-O
15. g3 b6 16. Qe3 Kg7 17. O-O-O Nf6 18. f4 Qe7 19. Rdf1 a6 20. Bb3 exf4 21.
Qxf4 Rad8 22. Rf3 Nd7 23. Bc2 Ne5 24. Re3 Rd6 25. Qf2 Rfd8 26. Qe2 a5 27. c4 h5
28. Rf1 Qg5 29. Kb1 Rf6 30. Ka2 Rxf1 0-1

[Event "C.to Provinciale CO"]
[Site "Como ITA"]
[Date "2009.01.25"]
[Round "2"]
[White "Pozzi, Marco"]
[Black "Guzzetti, Luigi Enrico"]
[Result "0-1"]
[WhiteElo "1613"]
[BlackElo "1854"]
[PlyCount "48"]
[EventDate "2009.01.24"]

1. c4 Nf6 2. Nc3 g6 3. Nf3 Bg7 4. d4 O-O 5. e4 d6 6. h3 c5 7. d5 Nbd7 8. Bd3 a6
9. O-O Rb8 10. a4 Qc7 11. Qc2 Nh5 12. Bg5 Ne5 13. Nxe5 Bxe5 14. Ne2 Bg7 15.
Rad1 h6 16. Bd2 Bd7 17. b3 b5 18. axb5 axb5 19. Bc3 bxc4 20. bxc4 Bxc3 21. Qxc3
Rb4 22. f4 Rfb8 23. Rb1 Qb6 24. Rxb4 cxb4+ 0-1

[Event "C.to Provinciale CO"]
[Site "Como ITA"]
[Date "2009.01.25"]
[Round "2"]
[White "Primerano, Carlo"]
[Black "Arboscelli, Gregorio"]
[Result "1/2-1/2"]
[WhiteElo "1718"]
[BlackElo "1897"]
[PlyCount "69"]
[EventDate "2009.01.24"]

1. d4 Nf6 2. c4 e6 3. Nc3 Bb4 4. Qc2 c5 5. dxc5 Nc6 6. Nf3 Bxc5 7. e3 O-O 8. a3
a5 9. Bd3 h6 10. O-O d5 11. cxd5 exd5 12. Ne2 Bd6 13. b3 Bg4 14. Bb2 Rc8 15.
Qd1 Bxf3 16. gxf3 Ne5 17. Ng3 h5 18. Nf5 Bb8 19. Kh1 g6 20. Rg1 Kh7 21. Nd4
Nxd3 22. Qxd3 Qd6 23. Rg2 Nd7 24. Nf5 Qe6 25. Nd4 Qa6 26. Qxa6 bxa6 27. Rgg1
Ne5 28. Rgd1 Ba7 29. Kg2 Rb8 30. Ne2 Nc6 31. Rd3 a4 32. b4 a5 33. Bc3 axb4 34.
axb4 Nxb4 35. Rd2 1/2-1/2

[Event "C.to Provinciale CO"]
[Site "Como ITA"]
[Date "2009.01.25"]
[Round "2"]
[White "Revinelli, Sergio"]
[Black "Orsenigo, Davide"]
[Result "1/2-1/2"]
[WhiteElo "1868"]
[BlackElo "1879"]
[PlyCount "39"]
[EventDate "2009.01.24"]

1. e4 c5 2. Nf3 d6 3. d4 cxd4 4. Nxd4 Nf6 5. Nc3 a6 6. Be2 e6 7. a4 Be7 8. O-O
O-O 9. Be3 Qc7 10. f4 Nbd7 11. Kh1 b6 12. Bg1 Bb7 13. Bf3 Nc5 14. Qe2 Rac8 15.
Rfe1 Rfd8 16. Qf2 d5 17. e5 Nfe4 18. Nxe4 Nxe4 19. Qe2 Bc5 20. c3 1/2-1/2

[Event "C.to Provinciale CO"]
[Site "Como ITA"]
[Date "2009.01.25"]
[Round "2"]
[White "Zingale, Giuseppe"]
[Black "Rizzi, Pierantonio"]
[Result "0-1"]
[WhiteElo "1398"]
[BlackElo "1416"]
[PlyCount "78"]
[EventDate "2009.01.24"]

1. d4 d5 2. c4 Nf6 3. Nc3 e6 4. Bf4 Bd6 5. Bxd6 Qxd6 6. Nf3 O-O 7. c5 Qd8 8. e3
b6 9. b4 a5 10. bxa5 Rxa5 11. Qb3 Bd7 12. cxb6 cxb6 13. Bd3 Ne4 14. O-O Bc6 15.
a4 Nd7 16. Nb5 Ndf6 17. Ne5 Nd2 18. Nxc6 Nxb3 19. Nxd8 Nxa1 20. Nxe6 fxe6 21.
Rxa1 Rc8 22. h3 h6 23. Nd6 Rc3 24. Nb7 Ra7 25. Nd8 Rxd3 26. Nxe6 Rc3 27. g4 Rc4
28. g5 hxg5 29. Rb1 Ra6 30. a5 Rxa5 31. Rxb6 Ne4 32. Rb8+ Kf7 33. Nd8+ Kg6 34.
Rb6+ Kh5 35. Ne6 Kh4 36. Nxg7 Kxh3 37. Rh6+ Kg4 38. Rh2 Ra1+ 39. Kg2 Rc2 0-1

[Event "C.to Provinciale CO"]
[Site "Como ITA"]
[Date "2009.01.25"]
[Round "3"]
[White "Arboscelli, Gregorio"]
[Black "Corti, Filippo"]
[Result "1-0"]
[WhiteElo "1897"]
[BlackElo "1735"]
[PlyCount "77"]
[EventDate "2009.01.24"]

1. d4 Nf6 2. c4 g6 3. Nc3 Bg7 4. e4 d6 5. f3 c6 6. Be3 a6 7. Qd2 h5 8. Bd3 b5
9. Nge2 Nbd7 10. Rd1 bxc4 11. Bxc4 Nb6 12. Bb3 a5 13. Na4 Ba6 14. Rc1 Bb5 15.
Nxb6 Qxb6 16. Nc3 O-O 17. d5 c5 18. Na4 Qa6 19. Kf2 c4 20. Bd1 Rab8 21. Nc3 Bd7
22. Be2 Qb7 23. Nd1 c3 24. bxc3 Nh7 25. Bd4 f5 26. Bxg7 Kxg7 27. Qd4+ Kg8 28.
e5 dxe5 29. Qxe5 Ba4 30. Qe6+ Kg7 31. Re1 Nf6 32. Bc4 Qa7+ 33. Qe3 Ng4+ 34.
fxg4 fxg4+ 35. Kg1 Qxe3+ 36. Rxe3 Bxd1 37. Rxd1 Rb2 38. Rxe7+ Kg8 39. d6+ 1-0